000 00643nam a2200241Ia 4500
003 OSt
005 20220924131759.0
006 a|||||r|||| 00| 0
007 ta
008 220923b |||||||| |||| 00| 0 tel d
024 _a346090
037 _cTextual
040 _aARTS
_cARTS
_btel
041 _2tel
_atel
082 _aO35,3NRA5,1, K1
100 _aRajendra Au.
_9202854
245 0 _aSahacharulu
260 _aVijayawada
_bAdarsa Grantha Mandali India
_c1961
300 _a103p.
_ccm.
650 _aTELUGU LITERATURE
942 _hO35,3NRA5,1, K1
_cTEXL
_2CC
999 _c428174
_d428174